LEADER 01085nam0 2200325 i 450 001 CFI0245005 005 20251003044137.0 010 $a8821706621 020 $aIT$b93-7159 100 $a19960709d1993 ||||0itac50 ba 101 | $aita 102 $ait 181 1$6z01$ai $bxxxe 182 1$6z01$an 200 1 $aMedici e fisco$fdi Giuseppe Messina 205 $a5. ed 210 $a[Milano]$cIPSOA$d1993 215 $a287 p.$d24 cm 300 $aSeguono appendici. 606 $aMedici$xTributi$xGuide pratiche$2FIR$3CFIC039963$9I 676 $a343.45062$9IMPOSTE SULLE PERSONE FISICHE. DIRITTO. ITALIA$v22 700 1$aMessina$b, Giuseppe$c $3RAVV487229$4070$06642 801 3$aIT$bIT-000000$c19960709 850 $aIT-BN0095 901 $bNAP 01$cD $n$ 912 $aCFI0245005 950 0$aBiblioteca Centralizzata di Ateneo$d 01D (AR) 17 977$e 01AR 0700179775 VMA A4 1 v.$fY $h19951205$i20181015 977 $a 01 996 $aMedici e fisco$91534210 997 $aUNISANNIO